Rizal : (Record no. 363110)
[ view plain ]
| 000 -LEADER | |
|---|---|
| fixed length control field | 00634nam a2200229Ia 4500 |
| 008 - FIXED-LENGTH DATA ELEMENTS--GENERAL INFORMATION | |
| fixed length control field | 191119s9999 xx 000 0 und d |
| 020 ## - INTERNATIONAL STANDARD BOOK NUMBER | |
| International Standard Book Number | 978-621-406-164-8 |
| 050 ## - LIBRARY OF CONGRESS CALL NUMBER | |
| Classification number | FIL DS 675.8 .R5F73 |
| 050 ## - LIBRARY OF CONGRESS CALL NUMBER | |
| Item number | .R5F73 2018 |
| 100 ## - MAIN ENTRY--PERSONAL NAME | |
| Personal name | Francisco, Virlyn. |
| 245 #0 - TITLE STATEMENT | |
| Title | Rizal : |
| 245 #2 - TITLE STATEMENT | |
| Remainder of title | a modular approach / |
| 245 #0 - TITLE STATEMENT | |
| Statement of responsibility, etc | Virlyn Francisco, Paul Micah Francisco. |
| 260 ## - PUBLICATION, DISTRIBUTION, ETC. (IMPRINT) | |
| Place of publication, distribution, etc | Philippines : |
| 260 ## - PUBLICATION, DISTRIBUTION, ETC. (IMPRINT) | |
| Name of publisher, distributor, etc | Mindshapers, |
| 260 ## - PUBLICATION, DISTRIBUTION, ETC. (IMPRINT) | |
| Date of publication, distribution, etc | 2018 |
| 300 ## - PHYSICAL DESCRIPTION | |
| Extent | 212 pages : |
| 300 ## - PHYSICAL DESCRIPTION | |
| Dimensions | 26 cm. |
| 500 ## - GENERAL NOTE | |
| General note | Includes bibliographic references. |
| 650 ## - SUBJECT ADDED ENTRY--TOPICAL TERM | |
| Topical term or geographic name as entry element | Rizal, Jose, 1861-1896. |
| 650 ## - SUBJECT ADDED ENTRY--TOPICAL TERM | |
| General subdivision | Heroes -- Philippines -- Biography. |
| Withdrawn status | Lost status | Damaged status | Home library | Current library | Shelving location | Date acquired | Cost, normal purchase price | Total Checkouts | Full call number | Barcode | Date last seen | Price effective from | Koha item type |
|---|---|---|---|---|---|---|---|---|---|---|---|---|---|
| South Mansfield College | South Mansfield College | Filipiniana Section | 08/08/2019 | 375.00 | FIL DS 675.8 .R5F73 2018 | SMC06245 | 06/01/2020 | 06/01/2020 | Books |